=LDR 00000nam 2200000 4500 =001 INLIS000000000023577 =005 20130612122229 =008 ***********************************Ind** =035 ##$$a0010-061300000023577 =041 ##$$a Ind =082 ##$$a 658 =090 ##$$a 658, Sum d =100 ##$$a Sumayang, Lalu =245 ##$$a Dasar-dasar manajemen produksi dan operasi, Lalu Sumayang =260 ##$$a 2003 $b Jakarta =300 ##$$a 325 hlm, 24 cm =650 ##$$a Manajemen =850 ##$$a NBPNMAT =990 ##$$a 21196914/BPAP-NTB/2014